Normal view
MARC view
Entry Personal Name
001 - CONTROL NUMBER
- control field: 39689
003 - CONTROL NUMBER IDENTIFIER
- control field: OSt
005 - DATE AND TIME OF LATEST TRANSACTION
- control field: 20160223141149.0
008 - FIXED-LENGTH DATA ELEMENTS
- fixed length control field: 160223|| aca||aabn | a|a d
040 ## - CATALOGING SOURCE
- Original cataloging agency: OSt
- Transcribing agency: OSt
100 ## - HEADING--PERSONAL NAME
- Personal name: रामखेलावन पाण्डेय
670 ## - SOURCE DATA FOUND
- Source citation: Work cat.: (OSt)23324: रामखेलावन पाण्डेय , काव्य और कल्पना









